000 03610nam a22002897a 4500
003 DO-CoUTE
005 20260511142302.0
008 260511b dr ||||| |||| 00| 0 spa d
040 _aDO-CoUTE
_bspa
_cDO-CoUTE
041 _aspa
092 _aING 2025 R15
100 1 _aRamos Sánchez, Leifherf L
_eSustentante
245 1 0 _aProtocolos de Seguridad para Trabajos en Alturas de Construcciones Residenciales en el Municipio de Cotuí. /
_cLeifherf L. Ramos Sánchez, Ydaliza Del C. Fabian Cáceres, Esteban Suarez Ortega, Jean Carlos Ovalle Adames, Gregorio Vásquez Ledesma ; Asesor, Rafael Eugenio Robles
260 _aCotuí, República Dominicana ;
_bUTECO,
_c2025
300 _a155 Hojas :
_c23cm
_e+ 1 CD-ROM
502 _a Trabajo de Grados ( Ingeniero Civil ) Universidad Tecnológica del Cibao Oriental, 2025
504 _a Incluye referencia bibliográfica e índice.
520 _aEl presente proyecto trata sobre Protocolos de Seguridad para Trabajos en Alturas de Construcciones Residenciales en el Municipio de Cotuí. En este orden, luego de realizar un diagnóstico en el municipio de Cotuí, con el propósito de “Identificar y caracterizar las condiciones existentes en materia de seguridad para trabajos en altura en construcciones residenciales del municipio de Cotuí”, se estableció como problemática principal a abordar fue “el uso deficiente de equipos de protección personal”. En tal sentido, se elaboró una propuesta para la implementación de un Programa Integral de Uso y Supervisión de Equipos de Protección Personal (EPP), diseñado como una herramienta técnica, educativa y operativa que articula procesos de capacitación, supervisión constante, control de cumplimiento y documentación de prácticas seguras. Al finalizar el desarrollo del proyecto se llegó a las siguientes conclusiones: el proyecto permite afirmar que la puesta en marcha del protocolo desarrollado podrá contribuir de forma significativa a reducir accidentes, mejorar las condiciones laborales y elevar los estándares de seguridad en el sector de la construcción residencial en Cotuí, siempre que exista un compromiso institucional real por parte de empresas, maestros de obra, encargados de seguridad y trabajadores. Además, la adaptación de este modelo servirá como referencia para otros municipios de la provincia Sánchez Ramírez y para futuras investigaciones que busquen avanzar en la consolidación de ambientes laborales más seguros, sostenibles y alineados a las normativas nacionales (como la Ley 87-01, el Reglamento 522-06 y las resoluciones del Ministerio de Trabajo) y estándares internacionales (OSHA, ILO y EU-OSHA). En conclusión, el protocolo propuesto no solo responde a una necesidad técnica, sino también social y ética: proteger la vida y salud de los trabajadores, promover entornos de trabajo dignos y fortalecer la cultura preventiva en el sector construcción. Su implementación sistemática se convierte en un aporte concreto a la mejora de la gestión de riesgos laborales en la región y contribuye directamente al desarrollo sostenible y seguro del municipio de Cotuí.
650 4 _aProtocolo de seguridad
700 1 _aLeifherf L. Ramos Sánchez
_eSustentante
700 1 _aYdaliza Del C. Fabian Cáceres
_eSustentante
700 1 _aEsteban Suarez Ortega
_eSustentante
700 1 _aRafael Eugenio Robles
_eAsesor
830 _aTesis y disertaciones académicas (Universidad Tecnológica del Cibao Oriental)
856 _yHaga Click Aquí para Descargar en Texto Completo
942 _2ddc
_cTH
999 _c24183
_d24183